Chuyện phiêu lưu của Tom Sawyer = The adventures of Tom Sawyer

محفوظ في:
التفاصيل البيبلوغرافية
المؤلف الرئيسي: Mark Twain
التنسيق: كتاب
اللغة:Undetermined
منشور في: Hà Nội Văn Học 2001
الموضوعات:
الوسوم: إضافة وسم
لا توجد وسوم, كن أول من يضع وسما على هذه التسجيلة!
Thư viện lưu trữ: Trung tâm Học liệu Trường Đại học Cần Thơ
LEADER 00578nam a2200181Ia 4500
001 CTU_43538
008 210402s9999 xx 000 0 und d
082 |a 813.54 
082 |b T969/2001 
100 |a Mark Twain 
245 0 |a Chuyện phiêu lưu của Tom Sawyer 
245 0 |b = The adventures of Tom Sawyer 
245 0 |c Mark Twain, Ngụy Mộng Huyền 
260 |a Hà Nội 
260 |b Văn Học 
260 |c 2001 
650 |a adventure stories,american fiction - 20th century ( vietnamese ) 
980 |a Trung tâm Học liệu Trường Đại học Cần Thơ